Kľúče k vyliečeniu Posilniť pozitívne emócie 5)

Bibliographic Details
Main Author: Jungová, Ivana (Author)
Format: Article
Language:Slovak
PhysicalDescription:Fotogr.
ISSN:1335-0919
Subjects:

MARC

LEADER 00000nab a2200000 ar4500
001 vtls011565432
003 SK-MaSNL
005 20260304180524.0
008 160708c2016 xo mr|p|||a |000 b|slo
015 |a SNBRB2016/07 
038 |a SPK 
040 |a SPKCL  |b slo  |c AACR2  |e AACR2 
041 0 |a slo  |b slo 
044 |a xo  |c SK 
072 7 |a 616  |x Patológia. Klinická medicína  |2 konspekt 
072 7 |a 615.8  |x Fyzioterapia. Psychoterapia. Alternatívna medicína  |2 konspekt 
072 7 |a 159.93/.94  |x Senzorické a motorické funkcie. Emócie. Vôľa  |2 konspekt 
080 |a 616-006.04-052  |2 2011 
080 |a 615.8  |2 2011 
080 |a 159.942.4  |2 2011 
100 1 |a Jungová, Ivana  |4 aut  |9 15050 
245 1 0 |a Kľúče k vyliečeniu  |b Posilniť pozitívne emócie  |n 5)  |c Ivana Jungová 
300 |b Fotogr. 
546 |a Res. slov. 
650 0 7 |a alternatívna terapia  |2 snkbucl  |9 67390 
650 0 7 |a onkologickí pacienti  |2 snkbucl  |9 78306 
650 0 7 |a pozitívne myslenie  |2 snkbucl  |9 4009 
650 0 7 |a emócie  |2 snkbucl  |9 4049 
740 0 2 |a Posilniť pozitívne emócie 
773 0 |t Dieťa  |g Roč. XXII, č. 6 (2016), s. 70-71  |x 1335-0919 
852 |a SPK  |b KIS3GCP 
856 4 1 |a www.dieta.sk 
999 |c 3018408  |d 3020338